POZNÁMKY K OPERÁCII SENILNEJ KATARAKTY

Podrobná bibliografia
Hlavný autor: Dérer, Jozef, 1887-1967 (Autor)
Médium: Článok
Jazyk:slovenčina

MARC

LEADER 00000nab a2200000ua 4500
001 vtls010775652
003 SK-MaSNL
005 20260303123409.0
008 230214s xo |||||||||||||||||slo|
035 |a (urnnbn)urn:nbn:sk:snk:ar-a037i5 
035 |a (uuid)e53504b5-8a34-4bc3-abc8-e2fb9c5c7491 
035 |a urn:nbn:sk:snk-ab544u 
040 |a SNKBUCL  |b slo  |c SNKBUCL  |e AACR2 
041 0 |a slo 
044 |a xo  |c SK 
100 1 |a Dérer, Jozef,  |d 1887-1967  |4 aut  |9 171961 
245 1 0 |a POZNÁMKY K OPERÁCII SENILNEJ KATARAKTY  |c Jozef Dérer 
773 0 |t Bratislavské lekárske listy  |g Roč. 4, č. 2 (1924-1925), s. 35-45 
954 |a odborná, vedecká literatúra pôvodná (slovenská)  |2 lita 
958 |a OND 
958 |a EUIPO 
958 |a article3 
999 |c 1925679  |d 1927609